000
00343 a2200157 4500
001
181068
020
_a
040
_c
Magnum
100
_a
Orthof, Sylvia
240
1
0
_a
Tia carlota tricota e tricota
_l
por
245
1
0
_a
Tia carlota tricota e tricota
362
0
_a
1899
440
1
_a
Paulinas
697
_a
MAGNITO: I/GERAL
942
_c
BK
999
_c
181068
_d
181068